000 00520nam a2200193 a 4500
001 1771665851812
003 YourLibrary
005 20260221145720.0
008 260221s2005##################000#0#eng##
020 _a9781845930103
082 0 4 _a338.4791
_bRIT
100 1 _aRitchie, J. R. Brent,
_eauthor.
245 1 0 _aThe Competitive Destination :
260 _bC A B International,
_c2005.
300 _a272 pages
650 0 _aBusiness & Economics.
942 _cENGLISH
040 _aYourLibrary
_beng
_cYourLibrary
999 _c615237
_d615237